01149nam a2200193Ia 4500001001100000003001000011008004100021040002500062041001300087100002000100245006600120250001100186260005900197300002700256500026200283501011400545520026200659650003400921L240-13372IT-CnALBA170116s9999||||xx |||||||||||||| ||und|| aIT-CnALBAcIT-CnALBA aITALIANO aGALOT JEAN, SJ. 0aIL CARISMA DELLA VITA CONSACRATA. MEDITAZIONI POSTCONCILIARI  a2a ed. a MILANO BOLOGNAbANCORA EDITRICE c1969 [1° Ed.:1968] a167 p. (prefazione: 5) aTRADUZIONE DAL FRANCESE DI G.M. CAMPELLI. CARISMA DELLA VITA RELIGIOSA. PRIMATO DI CRISTO. RAPPORTI. SEQUELA, IMITAZIONE. MANIFESTAZIONE. MISTICA DELLA VITA CONSACRATA. DONO UMANO. PATTO TRA CRISTO E LA CHIESA. CONTEMPLAZIONE. CARITÀ COMUNITARIA. VITA DI  aSocietà San Paolo EM - Piazza San Paolo, 14 - 12051 ALBA (CN) (non commercial uses only) ® Copyright 2017 aTRADUZIONE DAL FRANCESE DI G.M. CAMPELLI. CARISMA DELLA VITA RELIGIOSA. PRIMATO DI CRISTO. RAPPORTI. SEQUELA, IMITAZIONE. MANIFESTAZIONE. MISTICA DELLA VITA CONSACRATA. DONO UMANO. PATTO TRA CRISTO E LA CHIESA. CONTEMPLAZIONE. CARITÀ COMUNITARIA. VITA DI  aTEOLOGIA SPIRITUALE CRISTIANA